000 00969cam a2200217 4500
001 WB3723-35
008 000000n2001 000 0 eng u
035 _a(Sirsi) u113067
245 _aDesktop valuations will halve fees
260 _c2001
490 _aEstates Gazette
_v(0123) 9 June 2001, 37(1)
520 _aCountrywide is introducing a database that uses postcodes to allow lenders to compare values of similar properties in England and Wales. The information will be used to give desktop valuations for mortgages rather than paying surveyors to visit properties. This will affect surveyors working practices and cut the amount paid in fees to residential surveyors.
590 _aWB
650 _aRESIDENTIAL SURVEYORS
650 _aMORTGAGE VALUATIONS
650 _aMORTGAGE PROVIDERS
650 _aMORTGAGE LENDING POLICIES
650 _aHOUSE SURVEYS
690 _aVALUATION AND INVESTMENT APPRAISAL-HOMEBUYER SURVEY AND VALUATION
942 _n0
999 _c67306
_d67306